Véhicule d'autrefois : La 2 cv Citroën - Statistiques

Statistiques générales
  • Ce quiz a été pris 28 fois
  • Le résultat moyen est 18 sur 50
Statistiques - réponses
Question Réponse % Correct
Quand la guerre éclate le 1er septembre 1939, 250 2CV sont déjà assemblées que deviennent la plupart d'entre elles ? Elles sont démontées et détruitesur ordre du directeur de Citroën
83%
Quelle est l'unique couleur de la 2CV lors de sa sortie ? Gris
83%
Qu'est ce qui ne figurait pas au cahier des charges du projet ? Vitesse de pointe à 100 km/h
83%
Quel mot n'est pas un surnom de la 2CV ? Duduche
75%
La dernière 2 CV a été produite en juillet 1990
75%
Comment se nomme la fourgonnette dérivée de la Dyane Acadiane
67%
Comment se nomme la 2CV à deux moteurs et 4 roues motrices sortie en 1958 Sahara
67%
Le projet de la 2 CV s'appelait... TPV
58%
Quel instrument existe sur les premiers tableaux de bord ? Ampèremètre
50%
Quelle célèbre marque est associée à la 2CV sur la caravane du Tour de France ? Cochonou
50%
Qu'est ce qui ne figurait pas au cahier des charges du projet ? Consommant maxi 5 litres aux 100 kms
50%
Inspirée par le film de James Bond, "Rien que pour vos yeux" sort une 2CV spéciale 007. Quelle est sa couleur ? Jaune
50%
La première 2 CV est sortie des chaines en juillet 1949
50%
En 1952, Citroën sort une 2CV utilitaire. Elle est choisie dès l'année suivante par... Les PTT
50%
La 2CV Cocorico de 1986 est bleu blanc et rouge... sur les ales et les portes
50%
La plus célèbre des séries spéciales de 2CV est la Charleston, sortie en 1980. Elle n'existait pas en Bleu de nuit et Gris Cormoran
42%
La 2CV France 3 célèbre le sponsoring du bateau France 3 pour la Coupe de l'América. Quelles sont ses couleurs ? Bleu et blanc
42%
Quel héros de BD circule régulièrement dans une 2CV ? Boule
42%
Le pays où sont produites les dernières 2 CV est le Portugal
42%
Quel(s) personnage(s) des aventures de Tintin roulent en 2CV ? Les Dupond et Dupont
42%
Apartir de 1968, Citroën utilise la base mécanique de la 2CV pour créer une voiture inspirée de la Jeep qui est appelée Méhari
42%
En 1976 apparait la 2CV Spot, quelles sont ses couleurs ? Orange et blanc
42%
Au début de 1949, Citroën produit peu d'unités, combien par jour ? 4
33%
En 1949, le délai de livraison de la 2CV est de 5 ans
33%
Les ventes de 2CV déclinent après la sortie d'un autre modèle Lequel ? Dyane
33%
Le 1er modèle, dit Type A est produit entre 1949 et 1959 à 125000 exemplaire
25%
La carrosserie de la petite Jeep façon Citroën est en ABS
25%
La 2CV Dolly sortie en 1985 n'est pas disponible dans cette combinaison de couleurs... Bleu nuit et Blanc Meije
25%
Dans Le Tracassin ou Les plaisirs de la ville, une 2CV est au coeur des préoccupations d'un acteur... Lequel ? Bourvil
25%
Il existe un musée qui lui est intégralement dédié en Moselle
25%
La Dyane n'est pas conçue pour être... La voiture la moins chère du marché
25%
Dans quel film ne voit-on pas de 2 CV? Le Magnifique
25%
Quelle catégorie n'est pas prioritaire pour la livraison d'une 2CV en 1949 ? Les militaires
25%
Quelle contrainte n'existait pas au cahier des charges de la Dyane ? Peser moins de 600 kg
25%
La 2CV4 cesse d'être fabriquée en... septembre 1978
25%
Dans quelle émission de télévision peut-on voir une 2CV ? Vendredi tout est permis
25%
Ce véhicule (de la question précédente) est notamment produit pour l'armée qui en achète à partir de 1972 environ 7000
17%
Quelle couleur ne sera jamais utilisée pour les 2CV avant 1970 ? Mésange
17%
La 2CV a eu l'honneur de figurer sur des timbres, notamment en France mais aussi à l'étranger sauf dans un des pays proposé, lequel ? Vanuatu
17%
Quel surnom n'a pas été donné à la 2CV ? Zébulon
17%
Aujourd'hui des passionnés sont regroupés dans des associations, combien en existe-t-il (environ) en France ? 160
8%
En quelle année la gamme des 2CV est-elle modifiée pour aboutir à deux modèles, 2CV4 et 2CV6 ? 1970
8%
Dans quelle couleur la "jeep" Citroën n'est-elle pas produite ? Bleu Touareg
8%
En 1956, un modèle de luxe est commercialisé. Quelle différence n'existe pas par rapport aux autres modèles. Capote d'une couleur différente de la carrosserie
8%
Quel slogan n'a pas été employé pour la publicité de la 2CV ? Ils ont choisi la 2CV
8%
Dans quel clip ne voit-on pas une 2CV ? La dame de Haute-Savoie de Francis Cabrel
8%
Quel premier ministre fait parler de la 2CV quand il est photographié au volant de celle de sa femme ? Laurent Fabius
8%
Quel film raconte l'histoire d'une personne qui gagne une 2CV à la loterie ? Madame et son auto
8%
Dans quel film étranger ne voit-on pas une 2CV ? Un Américain à Paris
8%
Quelle 2CV parmi ces modèles spéciaux a roulé en France, même s'il n'y en a eu que deux exemplaires... Bamboo
0%
Aucun quiz correspondant
Distribution des résultats
% des personnes avec chaque résultat
Percentile par nombre de réponses
Votre historique - résultats
Vous n’avez pas pris ce quiz